000 00254nam a2200085Ia 4500
008 170620s9999 xx 000 0 und d
100 _aMangal- S. K.
245 0 _aDevelopment of Learner and Teaching Learning Process
260 _bMeerut- International Publishing House
260 _c2004
999 _c23948
_d23948